| 000 | 01175pam a2200289 a 4500 | ||
|---|---|---|---|
| 999 |
_c7435 _d7435 |
||
| 001 | 4453088 | ||
| 003 | GBCCL | ||
| 005 | 20241126110628.0 | ||
| 008 | 950809r19961983miua b 001 0 eng | ||
| 010 | _a 95038173 | ||
| 020 | _a0825434610 | ||
| 040 |
_aDLC _cDLC _dDLC |
||
| 050 | 0 | 0 |
_aBV4501.2 _b.P3623 1996 |
| 082 | 0 | 0 |
_a248 _220 _bPAX |
| 100 | 1 |
_aPaxson, Ruth. _96361 |
|
| 245 | 1 | 0 |
_aLife on the highest plane : _bGod's plan for spiritual maturity / _cRuth Paxson. |
| 260 |
_aGrand Rapids, MI : _bKregel Publications, _c1996. |
||
| 300 |
_a504 p. : _bill. ; _c22 cm. |
||
| 500 | _a"Three volumes on one." | ||
| 500 | _aOriginally published: Grand Rapids, Mich. : Baker Books, 1983. | ||
| 504 | _aIncludes bibliographical references (p. 490-494) and index. | ||
| 505 | 0 | _aPt. 1. The person and work of Christ -- Pt. 2. The relation between Christ and the Christian -- Pt. 3. The believer's response to the Holy Spirit's inworking. | |
| 650 | 0 |
_aChristian life. _9183 |
|
| 906 |
_a7 _bcbc _corignew _d1 _eocip _f19 _gy-gencatlg |
||
| 942 |
_2ddc _cBK _01 |
||